Statistics for Reflection

Click here to take the quiz!

General Stats

  • This quiz has been taken 3,426 times
  • The average score is 16 of 18

Answer Stats

HintAnswer% Correct
Back at ______Me
100%
Look at ____Me
100%
When will my ______________Reflection
97%
Why is my ______________Reflection
97%
Can it ______Be
95%
Who is that _________ I see?Girl
95%
Show who I am _____________Inside
94%
When will my reflection show who I am ________Inside
94%
Or a perfect ___________Daughter
91%
Now I ________See
91%
Staring _________Straight
90%
Someone I don'tKnow
88%
I will never pass for a ________ ______Perfect Bride
84%
Though I've _____________Tried
84%
I would break my ____________ ___________Family's Heart
81%
I'm not meant to _________ this __________Play, Part
77%
That if I were _________ to be myselfTruly
74%
Somehow I cannot __________ who I amHide
72%

Score Distribution

Percentile by Number Answered

Percent of People with Each Score

Your Score History

You have not taken this quiz